[Event "Ruhrgebiet VK3 0405"]
[Site "Ruhrgebiet"]
[Date "2005.01.30"]
[Round "6.5"]
[White "Goebel, Marc"]
[Black "Mir Wais, Milod"]
[Result "1-0"]
[WhiteElo "1820"]
[BlackElo "1757"]
[PlyCount "87"]
[EventDate "2004.09.12"]
[EventType "team-tourn"]
[EventRounds "9"]
[EventCountry "GER"]
[SourceTitle "EXT 2006"]
[Source "ChessBase"]
[SourceDate "2005.11.24"]
[SourceVersion "1"]
[SourceVersionDate "2005.11.24"]
[SourceQuality "1"]
[WhiteTeam "Wattenscheid IV"]
[BlackTeam "Ahlen II"]
[WhiteTeamCountry "GER"]
[BlackTeamCountry "GER"]

1. e4 c5 2. d3 d6 3. Nf3 Nf6 4. g3 e6 5. Bg2 Be7 6. c3 Nc6 7. a4 a6 8. Na3 Qc7 9. 0-0 0-0 10. Bf4 Bd7 11. Re1 Rfd8 12. Nc4 e5 13. Bg5 Be6 14. Bxf6 Bxf6 15. Ne3 d5 16. exd5 Bxd5 17. Nxd5 Rxd5 18. Qc2 Rad8 19. Rad1 Qd7 20. Qb3 Na5 21. Qb6 Nc4 22. Qb3 Na5 23. Qc2 b5 24. axb5 axb5 25. Ra1 Nc6 26. Ra6 Nb8 27. Ra8 Qf5 28. Qe2 Rxd3 29. Nd4 R3xd4 30. cxd4 cxd4 31. Qxb5 Nd7 32. Rxd8+ Bxd8 33. Be4 Qe6 34. b4 Bb6 35. Rc1 g6 36. Rc6 Qb3 37. Rc8+ Kg7 38. Qxd7 Qxb4 39. Rc1 Qd2 40. Rf1 Qe2 41. Bd5 d3 42. Qxf7+ Kh6 43. Qf8+ Kg5 44. Bf3 1-0

[Event "Ruhrgebiet VK2 0304"]
[Site "Ruhrgebiet"]
[Date "2004.04.25"]
[Round "9.7"]
[White "Nachbar, Benjamin"]
[Black "Goebel, Marc"]
[Result "1-0"]
[WhiteElo "2001"]
[BlackElo "1759"]
[PlyCount "125"]
[EventDate "2003.09.28"]
[EventType "team-tourn"]
[EventRounds "9"]
[EventCountry "GER"]
[SourceTitle "EXT 2007"]
[Source "ChessBase"]
[SourceDate "2006.11.23"]
[SourceVersion "1"]
[SourceVersionDate "2006.11.23"]
[SourceQuality "1"]
[WhiteTeam "Dortmund Hansa III"]
[BlackTeam "Wattenscheid IV"]
[WhiteTeamCountry "GER"]
[BlackTeamCountry "GER"]

1. e4 c5 2. Nf3 d6 3. Bc4 Nf6 4. Qe2 Nc6 5. 0-0 e6 6. c3 Be7 7. d4 cxd4 8. Nxd4 Bd7 9. Bd3 0-0 10. Nxc6 Bxc6 11. Nd2 e5 12. c4 a5 13. Nb1 Nd7 14. Nc3 Nc5 15. Nd5 Bg5 16. Be3 Bxe3 17. Qxe3 Bxd5 18. cxd5 Nxd3 19. Qxd3 Qd7 20. Rac1 Rac8 21. h3 h6 22. Rc3 Rxc3 23. Qxc3 a4 24. Rc1 Qb5 25. b4 f5 26. Qc4 Qb6 27. Rc2 fxe4 28. Qxe4 Rf6 29. a3 Kf7 30. Qe3 Qb5 31. Rc7+ Kg8 32. Qe4 Qb6 33. Rc8+ Rf8 34. Rxf8+ Kxf8 35. Qf5+ Kg8 36. Qe6+ Kh7 37. Qf5+ Kg8 38. g3 Qc7 39. Qe6+ Kh7 40. Qf5+ Kg8 41. Kg2 Qf7 42. Qc8+ Kh7 43. Qc4 g6 44. b5 Kg7 45. b6 Kf6 46. h4 h5 47. f3 g5 48. hxg5+ Kxg5 49. Qh4+ Kg6 50. Qxa4 Qxd5 51. Qe4+ Qxe4 52. fxe4 Kf6 53. a4 Ke6 54. a5 Kd7 55. Kh3 Kc6 56. Kh4 Kb5 57. Kxh5 Kxa5 58. g4 d5 59. exd5 e4 60. Kh4 Kxb6 61. g5 Kc5 62. g6 e3 63. Kg3 1-0

[Event "Ruhrgebiet VK2 0304"]
[Site "Ruhrgebiet"]
[Date "2004.02.08"]
[Round "6.6"]
[White "Hagermann, Hermann"]
[Black "Goebel, Marc"]
[Result "1/2-1/2"]
[WhiteElo "1776"]
[BlackElo "1759"]
[PlyCount "124"]
[EventDate "2003.09.28"]
[EventType "team-tourn"]
[EventRounds "9"]
[EventCountry "GER"]
[SourceTitle "EXT 2007"]
[Source "ChessBase"]
[SourceDate "2006.11.23"]
[SourceVersion "1"]
[SourceVersionDate "2006.11.23"]
[SourceQuality "1"]
[WhiteTeam "Erkenschwick II"]
[BlackTeam "Wattenscheid IV"]
[WhiteTeamCountry "GER"]
[BlackTeamCountry "GER"]

1. e4 c5 2. c3 d6 3. d4 cxd4 4. cxd4 Nf6 5. Nc3 g6 6. Nf3 Bg7 7. Bb5+ Bd7 8. Qe2 0-0 9. 0-0 a6 10. Bxd7 Nfxd7 11. Rd1 h6 12. Be3 e6 13. Rac1 b5 14. Qd2 Kh7 15. Ne2 Nb6 16. b3 d5 17. e5 N8d7 18. h4 Rc8 19. Qd3 Kg8 20. h5 g5 21. Ng3 Qe7 22. Nh2 f5 23. exf6 Nxf6 24. Nf3 Ng4 25. Bd2 Nd7 26. Qe2 Qd6 27. Rxc8 Rxc8 28. Nxg5 Nxf2 29. Qxf2 hxg5 30. Bxg5 Qf8 31. Qd2 Qd6 32. Bf4 Qe7 33. Qd3 Qh4 34. Rf1 Qf6 35. Be3 Qh4 36. Qg6 Nf8 37. Qf7+ Kh8 38. Qf2 Nh7 39. Bf4 Rf8 40. Qe3 Re8 41. h6 Bf6 42. Nf5 Qg4 43. Ng3 Kg8 44. Qd3 Kh8 45. Qe3 Kg8 46. Be5 Qg5 47. Bf4 Qg4 48. Be5 Qg5 49. Qf3 Rf8 50. Qf4 Bxe5 51. Qxg5+ Nxg5 52. dxe5 Rxf1+ 53. Kxf1 Nf7 54. Ne2 Nxe5 55. Nd4 Kf7 56. Ke2 Ng6 57. Kf3 e5 58. Nc6 e4+ 59. Ke3 Ke6 60. h7 Kd6 61. Nd8 Ke7 62. Nc6+ Ke6 1/2-1/2